Historia del culto de María en Iberoamérica y de sus imágenes y santuarios más celebrados

Shranjeno v:
Bibliografske podrobnosti
Glavni avtor: Vargas Ugarte, Rubén (Author)
Format: Knjiga
Jezik:španščina
Izdano: Madrid s.n 1956
Izdaja:3a. ed
Teme:
Oznake: Označite
Brez oznak, prvi označite!

MARC

LEADER 00000nam a2200000 a 4500
001 UCL2265
003 CL-VaPUC
008 031017e19560000sp |||||||||||||||||spa|d
082 0 4 |a 232.91  |b VAR  |2 21 
100 0 |a Vargas Ugarte, Rubén  |e author  |9 479320 
245 1 0 |a Historia del culto de María en Iberoamérica y de sus imágenes y santuarios más celebrados 
250 |a 3a. ed 
300 |a v 
942 |c BK 
945 |d 20031017 00:00:00  |a vberengu 
260 |a Madrid  |b s.n  |c 1956 
650 0 |a Mariología   |9 365249 
650 7 |a CULTOS  |2 CL-VaPUC  |9 479321 
583 |a last modification  |c 20180109 11:33:50  |k Rodrigo Vera 
999 |c 305615  |d 305613 
952 |0 0  |1 0  |4 0  |6 232_910000000000000_VAR_1956  |7 0  |8 A  |9 369746  |a BIBTEO  |b BIBTEO  |d 2019-11-21  |h v.1  |i 209052K  |o 232.91 VAR 1956  |p 209052K  |r 2025-01-17  |w 2019-11-21  |y BK  |k ICR 
952 |0 0  |1 0  |4 0  |6 232_910000000000000_VAR_1956  |7 0  |8 A  |9 369747  |a BIBTEO  |b BIBTEO  |d 2019-11-21  |h v.2  |i 2090538  |o 232.91 VAR 1956  |p 2090538  |r 2025-01-17  |w 2019-11-21  |y BK  |k ICR